Top Motives behind Terror Attacks - Statistics

General Stats
  • This quiz has been taken 123 times
  • The average score is 2 of 10
Answer Stats
# Motive % Correct
160 Islamic extremism
95%
4 Christian extremism
58%
3 Far-right extremism
23%
3 Far-left extremism
21%
2 Neo-fascism
11%
3 Narcoterrorism
10%
5 Palestinian nationalism / separatism
10%
3 Maoism
8%
14 Tamil nationalism / separatism
6%
8 Chechen separatism
3%
No matching quizzes found
Score Distribution
Percent of People with Each Score
Percentile by Number Answered
Your Score History
You have not taken this quiz